00768nam a22002057a 4500999001900000005001700019010001300036020002600049035001300075037002100088082000800109100001700117245010400134260003800238270007900276300002600355500001400381942002500395952014200420 c193087d19308720221014162115.0 aB-745968 a9789351508700c550.00 aB-745968 bSage Publication a909 aRakesh Kumar aAncient and medieval world:bfrom evolution of humans to the crisis of feudalism /cby Rakesh Kumar aNew DelhibSage Publicationc2018 aB1/I-1, Mohan Cooperative Industrial Area, Mathura RoadbNew Delhie110044 axii, 434p.c24cm(pbk) aIndex,1-7 2ddccENmRAKh954.01 001040708NFICaMPbMPd2022-10-14e6.10.22/Giftg550.00l0o954.01 RAKpB-745968r2022-10-14 00:00:00t1v550.00w2022-10-14yENzGift